Безопасность труда в химической промышленности: учебное пособие для вузов

Detalles Bibliográficos
Otros Autores: Маринина Л. К. Людмила Константиновна (редактор), Васин А. Я. Алексей Яковлевич, Торопов Н. И. Николай Иванович, Чернецкая М. Д. Мария Дмитриевна, Блохина О. А. Ольга Анатольевна, Софинский П. И. Павел Иванович
Sumario:С использованием современных нормативных материалов изложены ключевые направления безопасности труда в химической промышленности, безопасности жизнедеятельности: техносфера и безопасность, общие вопросы охраны труда, обеспечение комфортных условий труда, производственная санитария, инженерные основы промышленной безопасности, основы пожарной безопасности, требования безопасности при проектировании зданий и сооружений химической промышленности, защита населения и территорий от опасных воздействий в чрезвычайных ситуациях. Для студентов высших учебных заведений.
Lenguaje:ruso
Publicado: Москва, Академия, 2007
Edición:2-е изд., стер.
Colección:Высшее профессиональное образование. Химическая технология
Materias:
Formato: MixedMaterials Libro
KOHA link:https://koha.lib.tpu.ru/cgi-bin/koha/opac-detail.pl?biblionumber=125566

MARC

LEADER 00000nam0a2200000 4500
001 125566
005 20231101215935.0
010 |a 9785769542916 
035 |a (RuTPU)RU\TPU\book\135871 
035 |a RU\TPU\book\106995 
090 |a 125566 
100 |a 20071119d2007 m y0rusy50 ca 
101 0 |a rus 
102 |a RU 
105 |a a j 001zy 
200 1 |a Безопасность труда в химической промышленности  |e учебное пособие для вузов  |f Л. К. Маринина [и др.]  |g под ред. Л. К. Марининой 
205 |a 2-е изд., стер. 
210 |a Москва  |c Академия  |d 2007 
215 |a 527 с.  |c ил. 
225 1 |a Высшее профессиональное образование. Химическая технология 
320 |a Библиогр.: с. 517-519. 
320 |a Нормативно-техническая литература: с. 514-516. 
330 |a С использованием современных нормативных материалов изложены ключевые направления безопасности труда в химической промышленности, безопасности жизнедеятельности: техносфера и безопасность, общие вопросы охраны труда, обеспечение комфортных условий труда, производственная санитария, инженерные основы промышленной безопасности, основы пожарной безопасности, требования безопасности при проектировании зданий и сооружений химической промышленности, защита населения и территорий от опасных воздействий в чрезвычайных ситуациях. Для студентов высших учебных заведений. 
451 1 |0 (RuTPU)RU\TPU\book\106995  |y 5-7695-2424-3  |t Безопасность труда в химической промышленности  |o учебное пособие  |f под ред. Л. К. Марининой  |c М.  |n Академия  |d 2006  |p 527 с.  |s Высшее профессиональное образование. Химическая технология 
606 1 |a Химические производства  |x Техника безопасности  |2 stltpush  |3 (RuTPU)RU\TPU\subj\31062  |9 54029 
610 1 |a химическая промышленность 
610 1 |a техносфера 
610 1 |a устойчивое развитие 
610 1 |a безопасность 
610 1 |a охрана труда 
610 1 |a условия труда 
610 1 |a правовые основы 
610 1 |a нормативные основы 
610 1 |a обеспечение 
610 1 |a травматизм 
610 1 |a заболеваемость 
610 1 |a производственная санитария 
610 1 |a вредные вещества 
610 1 |a защита 
610 1 |a микроклимат 
610 1 |a производственные помещения 
610 1 |a освещение 
610 1 |a шум 
610 1 |a вибрация 
610 1 |a электромагнитные излучения 
610 1 |a работа на компьютере 
610 1 |a средства защиты 
610 1 |a технологические процессы 
610 1 |a производственное оборудование 
610 1 |a сосуды под давлением 
610 1 |a трубопроводы 
610 1 |a компрессоры 
610 1 |a насосы 
610 1 |a газгольдеры 
610 1 |a безопасная эксплуатация 
610 1 |a ремонтные работы 
610 1 |a очистные работы 
610 1 |a электробезопасность 
610 1 |a радиационная безопасность 
610 1 |a пожарная профилактика 
610 1 |a пожарная безопасность 
610 1 |a взрывоопасные зоны 
610 1 |a пожароопасные зоны 
610 1 |a пожары 
610 1 |a молния 
610 1 |a молниезащита 
610 1 |a чрезвычайные ситуации 
610 1 |a территории 
610 1 |a объекты 
610 1 |a учебные пособия 
675 |a 66.013.8(075.8)  |v 3 
701 1 |a Маринина  |b Л. К.  |g Людмила Константиновна 
701 1 |a Васин  |b А. Я.  |g Алексей Яковлевич 
701 1 |a Торопов  |b Н. И.  |g Николай Иванович 
701 1 |a Чернецкая  |b М. Д.  |g Мария Дмитриевна 
701 1 |a Блохина  |b О. А.  |g Ольга Анатольевна 
701 1 |a Софинский  |b П. И.  |g Павел Иванович 
702 1 |a Маринина  |b Л. К.  |g Людмила Константиновна  |4 340 
801 1 |a RU  |b 63413507  |c 20060710  |g PSBO 
801 2 |a RU  |b 63413507  |c 20150729  |g PSBO 
900 |a Безопасность жизнедеятельности 
900 |a Охрана труда 
900 |a Охрана труда и окружающей среды 
942 |c BK 
951 |b 240100  |b 240000